Statistics for Top 100 Greatest Rock Bands of All Time

Click here to take the quiz!

General Stats

  • This quiz has been taken 152 times
  • The average score is 33 of 100

Answer Stats

Rank100 Greatest Rock Bands of All Time% Correct
1The Beatles
96%
2The Rolling Stones
93%
8Led Zeppelin
87%
31Nirvana
86%
39Metallica
85%
6AC/DC
82%
11Pink Floyd
75%
4Queen
74%
74Black Sabbath
73%
5Guns N' Roses
70%
22The Who
68%
23Aerosmith
66%
42The Doors
60%
32Pearl Jam
59%
52U2
59%
28Van Halen
57%
45Beach Boys
55%
70Iron Maiden
55%
7The Jimi Hendrix Experience
54%
30Def Leppard
53%
55Green Day
53%
67Radiohead
53%
24The Ramones
53%
51Foo Fighters
52%
47Bon Jovi
51%
53Red Hot Chilli Peppers
51%
43The Clash
51%
26The Eagles
51%
16The Kinks
51%
25Fleetwood Mac
50%
27Journey
47%
17Creedence Clearwater Revival
45%
57Soundgarden
44%
41Rush
42%
46The Police
41%
50Genesis
40%
40Lynyrd Skynyrd
40%
33R.E.M.
40%
19The Cure
40%
12Grateful Dead
37%
83Alice in Chains
36%
48Talking Heads
36%
18The Band
34%
36Tom Petty and the Heartbreakers
33%
44Coldplay
31%
63Slayer
31%
54Smashing Pumpkins
31%
78Rage Against the Machine
30%
94The Smiths
29%
21David Bowie
28%
3Prince
28%
59The Yardbirds
28%
9Bob Dylan
26%
86The Cars
26%
96Blink-182
25%
60Nine Inch Nails
25%
58Santana
23%
62The White Stripes
23%
35Cheap Trick
21%
93Velvet Underground
21%
79Beastie Boys
20%
61REO Speedwagon
20%
72The Killers
19%
49The Stooges
19%
85INXS
18%
98Stone Temple Pilots
18%
87The Cranberries
18%
89TOTO
18%
38Steely Dan
17%
95The Pixies
17%
20Allman Brothers Band
15%
84Kings of Leon
14%
34Steve Miller Band
14%
97Hole
13%
37Sly & The Family Stone
12%
71Garbage
11%
29Crosby, Stills, Nash & Young
10%
68No Doubt
10%
66The Black Keys
8%
56The Runaways
8%
10Joan Jett and the Blackhearts
7%
64Phish
7%
73Arcade Fire
6%
75Funkadelic
6%
81Sonic Youth
6%
76The Go-Gos
6%
14Bruce Springsteen and The E Street Band
4%
80Misfits
4%
13The Traveling Wilburys
4%
100Minor Threat
2%
90Siouxsie and the Banshees
2%
65The Replacement
2%
91Against Me
0%
88Bakini Kill
0%
77Jeff Lynne's Electric Light Orchestra
0%
15Little Richard and The Upsetters
0%
82MCs
0%
99Sleater-Kinney
0%
69Superdrag
0%
92Veruca Salt
0%

Score Distribution

Percentile by Number Answered

Percent of People with Each Score

Your Score History

You have not taken this quiz